000
00215nam a2200085Ia 4500
245
0
_a
Oscar Season
100
_a
McNamara, Mary London, 2009
_9
78184
942
_c
BK
008
210817s9999 xx 000 0 und d
999
_c
269704
_d
269701